000 01305nam a22003377a 4500
003 CHAP
005 20220329143720.0
008 110331s2008 mx a r 00010 spa d
010 _a100815
011 _a101787
020 _a9789708260510
035 _a112475
040 _cCHAP
082 0 0 _a306.097252
_bG53
110 2 _aMéxico. Gobierno del Estado
_977067
245 1 0 _aFestejos del corazón :
_besencia del pueblo mexiquense
_c/por Gobierno del Estado de México
260 _aToluca, Edo. de Méx. :
_bGobierno del Edo. de Méx.,
_c2008
300 _a239 p. :
_bilus.
490 0 _aBiblioteca Mexiquense del Bicentenario.
_pColección Mayor.
_pEstado de México: patrimonio de un pueblo
590 _aBATCH-UPD
_b10
_c20130110
_lUCH01
_h0855
590 _aBATCH-UPD
_b10
_c20130410
_lUCH01
_h0526
590 _aBATCH-UPD
_b10
_c20130914
_lUCH01
_h1054
590 _aCONVERSION
_b10
_c20130109
_lUCH01
_h1356
650 1 4 _aCostumbres.
_928552
650 1 4 _aCultura
_xMéxico (Edo.)
_930403
650 1 4 _aMéxico (Edo.)
_xVida social y costumbres.
_976838
830 0 _aBiblioteca Mexiquense del Bicentenario.
_pColección Mayor.
_pEstado de México: patrimonio de un pueblo
_912425
901 _aBK
942 _cLIBRO
949 _a306.097252 G53
_bBC
_cLIBRO
_d33724002259347
_eLIBRO
_h114563
_i112475
_st
999 _c100815
_d100815